000 00700nam a2200193 a 4500
003 CBULib
005 20240514080840.0
008 090305s2008 ||||||||||||||||| || u
040 _aCBULib
_bEnglish
_cCBULib
_dCBULb
_erda
050 _aUN-ECE (02)2008/4
245 0 0 _aSpatial planning: key instrument for development and effective governance
_cBy United Nations Economic Commission for Europe (UNECE)
260 _aNew York
_bUNITED NATIONS
_c2008
300 _aix, 46pages :illustrations
336 _2rdacontent
_aText |
_btxt
337 _2rdamedia
_aUnmediated |
_bn
338 _2rdacarrier
_aVolume
_bnc
942 _2mc
_c029
999 _c58047
_d58047